| 000 | 00927nam a22002177a 4500 | ||
|---|---|---|---|
| 003 | OSt | ||
| 005 | 20140310181741.0 | ||
| 008 | 130323t xxu||||| |||| 00| 0 eng d | ||
| 020 | _a9781575421940 | ||
| 050 |
_aLB 3013.3 _b.B43 2005 |
||
| 082 |
_aTR 371.1024 _bB37 2005 |
||
| 245 |
_aThe bully free classroom : _bover 100 tips and strategies for teachers K-8/ _cAllan L. Beane. |
||
| 260 |
_aMinneapolis, MN : _bFree Spirit, _cc2005. |
||
| 300 |
_a166 p. : _bill. ; _c28 cm. |
||
| 500 | _aIncludes bibliographical references and index | ||
| 520 | _a1. School violence--United States--Prevention--Handbooks, manuals, etc. 2. Bullying--United States--Prevention--Handbooks, manuals, etc. 3. Classroom management--United States--Handbooks, manuals, etc. 4. Activitiy programs in education--United States--Handbooks, manuals, etc. | ||
| 521 | _aFaculty | ||
| 541 | _j1 | ||
| 562 | _e1 | ||
| 942 |
_2lcc _cBK-TR _kTR |
||
| 999 |
_c2776 _d2776 |
||